Dreamworks Animation Filme erraten mit Bildern - Statistiken

Allgemein
  • Dieses Quiz wurde 1.120 mal gespielt
  • Das Durchschnittsergebnis liegt bei 10 aus 16
Antwortstatistiken
Bildquiz Antwort % Korrekt
Shrek
99%
Kung Fu Panda
95%
Drachenzähmen leicht gemacht
89%
Die Pinguine aus Madagascar
86%
Madagascar
81%
Bee Movie
78%
Turbo
61%
Megamind
60%
Ab durch die Hecke
58%
Monster vs. Aliens
52%
Große Haie - Kleine Fische
51%
Hüter des Lichts
45%
Die Croods
43%
Chicken Run
35%
Flutsch und Weg
28%
Antz
22%
Keine übereinstimmenden Quizze gefunden
Verteilung der Resultate
Anzahl Personen mit jedem Resultat
Perzentil nach korrekt beantworteten Fragen
Ihre Resultats-Entwicklung
Sie haben dieses Quiz noch nicht gespielt